00224nam a2200085Ia 4500008004100000100001400041245005300055260002100108260000900129170620s9999 xx 000 0 und d aN.C.E.R.T 0aPaithiacharcha Badlav ka Liya Vayasthagat Sudhar bNew Delhi- NCERT c2008